000 00970nam a2200265Ia 4500
003 OSt
005 20220927105808.0
006 a|||||r|||| 00| 0
007 ta
008 220926b |||||||| |||| 00| 0 eng d
020 _a97893845030301
024 _a205641
037 _cReference Collections
040 _aRTL
_cRTL
_beng
041 _2eng
_aeng
082 _a"Y31.2, Q5/GD"
100 _aNATIONAL INSTITUTE OF RURAL DEVELOPMENT AND PANCHAYATI RAJ
_9375103
110 _aNATIONAL INSTITUTE OF RURAL DEVELOPMENT AND PANCHAYATI RAJ
_9375104
245 0 _aRURAL DEVELOPMENT STATISTICS
_b 2013-14. Edited by S V Rangacharyulu and G Rajani Kanth
260 _a"Hyderabad,"
_b"NIRD, "
_c2015
300 _a"vi, 409p"
_ccm.
700 _aNATIONAL INSTITUTE OF RURAL DEVELOPMENT AND PANCHAYATI RAJ
_9375103
942 _h"Y31.2, Q5/GD"
_cCC
999 _c694727
_d694727